Elements of building drawing (Record no. 15514)
[ view plain ]
| 000 -LEADER | |
|---|---|
| fixed length control field | 00306nam a22001337a 4500 |
| 003 - CONTROL NUMBER IDENTIFIER | |
| control field | OSt |
| 008 - FIXED-LENGTH DATA ELEMENTS--GENERAL INFORMATION | |
| fixed length control field | 180823b ||||| |||| 00| 0 eng d |
| 082 ## - DEWEY DECIMAL CLASSIFICATION NUMBER | |
| Classification number | 690.0223 |
| Item number | DES/BU |
| 100 ## - MAIN ENTRY--AUTHOR NAME | |
| Personal name | Deshpande, N.K |
| 245 ## - TITLE STATEMENT | |
| Title | Elements of building drawing |
| 260 ## - PUBLICATION, DISTRIBUTION, ETC. (IMPRINT) | |
| Place of publication | Poona |
| Year of publication | 1961 |
| 300 ## - PHYSICAL DESCRIPTION | |
| Number of Pages | 153 |
| 942 ## - ADDED ENTRY ELEMENTS (KOHA) | |
| Koha item type | Books |
| Withdrawn status | Lost status | Damaged status | Home library | Current library | Date acquired | Full call number | Accession Number | Koha item type |
|---|---|---|---|---|---|---|---|---|
| KAUAET | KAUAET | 23/08/2018 | 690.0223 DES/BU | 8169 | Books |
